| 000 | 01544cam a2200349 a 4500 | ||
|---|---|---|---|
| 999 |
_c27440 _d27440 |
||
| 001 | 202171 | ||
| 005 | 20170208142941.0 | ||
| 008 | 990311s2000 paua 001 0 eng | ||
| 010 | _a 99061820 | ||
| 020 | _a0030226546 | ||
| 040 |
_aDLC _cDLC _dDLC |
||
| 050 | 0 | 0 |
_aQC23 _b.S458 2000 |
| 082 | 0 | 0 |
_a530 _221 |
| 100 | 1 | _aSerway, Raymond A. | |
| 245 | 1 | 0 | _aPhysics for scientists and engineers. |
| 250 |
_a5th ed. / _bRaymond A. Serway, Robert J. Beichner, John W. Jewett, Jr., contributing author. |
||
| 260 |
_aFort Worth : _bSaunders College Publishing, _c2000. |
||
| 300 |
_a2 v. (xxxi, 1551 p.) : _bill. (some col) ; _c27 cm. |
||
| 490 | 0 | _aSaunders golden sunburst series | |
| 500 | _aPrevious ed. published as: Physics for scientists & engineers. | ||
| 500 | _a5th ed. vol. 2 published as : Physics for scientists and engineers with modern physics. | ||
| 500 | _aIncludes index. | ||
| 650 | 0 | _aPhysics. | |
| 700 | 1 | _aBeichner, Robert J. | |
| 700 | 1 | _aJewett, John W. | |
| 906 |
_a7 _bcbc _corignew _d2 _eopcn _f19 _gy-gencatlg |
||
| 942 |
_2lcc _cBOOKS _hQC 23 .S47 2000 |
||